FOUNDATION SCIENCE PHYSICS (Record no. 778)
[ view plain ]
| 000 -LEADER | |
|---|---|
| fixed length control field | 00320nam a22001337a 4500 |
| 020 ## - INTERNATIONAL STANDARD BOOK NUMBER | |
| ISBN | 978-93-5027-006-6 |
| 082 ## - DEWEY DECIMAL CLASSIFICATION NUMBER | |
| Classification number | 530 |
| Item number | VER/P |
| 100 ## - MAIN ENTRY--AUTHOR NAME | |
| Personal name | HC VERMA |
| 245 ## - TITLE STATEMENT | |
| Title | FOUNDATION SCIENCE PHYSICS |
| Remainder of title | FOR CLASS X |
| 260 ## - PUBLICATION, DISTRIBUTION, ETC. (IMPRINT) | |
| Place of publication | DELHI |
| Name of publisher | BHARATHI BHAWAN |
| Year of publication | 2018 |
| 300 ## - PHYSICAL DESCRIPTION | |
| Number of Pages | 138 |
| 650 ## - SUBJECT ADDED ENTRY--TOPICAL TERM | |
| Topical Term | PHYSICS FOR CLASS X |
| Geographic subdivision | INDIA |
| 942 ## - ADDED ENTRY ELEMENTS (KOHA) | |
| Koha item type | Books |
| Withdrawn status | Lost status | Collection code | Home library | Current library | Shelving location | Date acquired | Source of acquisition | Cost, normal purchase price | Full call number | Accession Number | Koha item type |
|---|---|---|---|---|---|---|---|---|---|---|---|
| Reference | Main Library | Main Library | SHELF-8 C CLASS X- PHYSICS&CHEMISTRY | 24/10/2019 | purchase | 140.00 | 530 VER/P | 11636 | Books | ||
| Reference | Main Library | Main Library | SHELF-8 C CLASS X- PHYSICS&CHEMISTRY | 05/06/2017 | purchase | 80.00 | 530 VER/P | 04611 | Books |